Motores Diesel y de gas de alta compresión
Guardat en:
| Autor principal: | |
|---|---|
| Format: | Llibre |
| Idioma: | espanyol |
| Publicat: |
Barcelona
Reverté
1982
|
| Edició: | 2a. ed |
| Matèries: | |
| Etiquetes: |
Afegir etiqueta
Sense etiquetes, Sigues el primer a etiquetar aquest registre!
|
MARC
| LEADER | 00000nam a2200000 a 4500 | ||
|---|---|---|---|
| 001 | UCW2187 | ||
| 003 | CL-VaPUC | ||
| 008 | 921111e19820000SP |||||||||||||||||spa|d | ||
| 082 | 0 | 4 | |a 621.436 |b KAT |2 21 |
| 100 | |a Kates, Edgar J |e author |9 306145 | ||
| 245 | 1 | 0 | |a Motores Diesel y de gas de alta compresión |
| 250 | |a 2a. ed | ||
| 300 | |a 542 p | ||
| 942 | |c BK | ||
| 945 | |d 19921111 00:00:00 | ||
| 260 | |a Barcelona |b Reverté |c 1982 | ||
| 650 | 0 | |a Motores Diésel |9 271572 | |
| 650 | 0 | |a Motores de combustión interna |9 261038 | |
| 583 | |a last modification |c 19921111 00:00:00 |k Rodrigo Vera | ||
| 999 | |c 216795 |d 216793 | ||
| 952 | |0 0 |1 0 |4 0 |6 621_436000000000000_KAT_1982 |7 0 |8 A |9 203024 |a BIBMEC |b BIBMEC |d 2019-11-14 |i 2702827 |o 621.436 KAT 1982 |p 2702827 |r 2024-01-19 |w 2019-11-14 |y BK |k MEC | ||
| 952 | |0 0 |1 0 |4 0 |6 621_436000000000000_KAT_1982 |7 0 |8 A |9 203025 |a BIBMEC |b BIBMEC |d 2019-11-14 |i 3391507 |o 621.436 KAT 1982 |p 3391507 |r 2024-01-19 |w 2019-11-14 |y BK |k MEC | ||
| 952 | |0 0 |1 0 |4 0 |6 621_436000000000000_KAT_1982 |7 0 |8 A |9 203026 |a BIBMEC |b BIBMEC |d 2019-11-14 |i 1335499 |o 621.436 KAT 1982 |p 1335499 |r 2024-01-19 |w 2019-11-14 |y BK |k MEC | ||